|
|
|
|
| LEADER |
01142nam a2200277 u 4500 |
| 001 |
10063473 |
| 003 |
upatras |
| 005 |
20210117201212.0 |
| 008 |
070807s2006 sz eng |
| 020 |
|
|
|a 303719023X
|
| 040 |
|
|
|a GR-PaULI
|c GR-PaULI
|
| 041 |
0 |
|
|a eng
|
| 082 |
0 |
4 |
|a 514.2
|
| 100 |
1 |
|
|a Matveev, Sergey V.
|9 56336
|
| 245 |
1 |
0 |
|a Lectures on algebraic topology
|c Sergey V. Matveev; translated by Ekaterina Pervova
|
| 260 |
|
|
|a Zurich
|b European Mathematical Society
|c 2006
|
| 300 |
|
|
|a 99 p.
|b fig.
|c 24 cm.
|
| 490 |
0 |
|
|a European Mathematical Society series of lectures in mathematics
|
| 504 |
|
|
|a Includes bibliography and index
|
| 650 |
|
4 |
|a Αλγεβρική τοπολογία
|9 14
|
| 760 |
0 |
|
|a European Mathematical Society series of lectures in mathematics
|
| 852 |
|
|
|a GR-PaULI
|b ΠΑΤΡΑ
|b ΒΚΠ
|b ΒΣ1
|k ΑΣΧΞ-12
|h 514.2 ΜΑΤ
|m 088925
|p 025000162856
|t 1
|
| 942 |
|
|
|2 ddc
|c BK15
|
| 952 |
|
|
|0 0
|1 0
|4 0
|6 514_200000000000000_ΜΑΤ
|7 0
|9 62146
|a LISP
|b LISP
|c BSC
|d 2016-04-24
|i 088925
|l 1
|o 514.2 ΜΑΤ
|p 025000162856
|r 2018-05-09 00:00:00
|s 2018-04-25
|t 1
|w 2016-04-24
|y BK15
|
| 998 |
|
|
|c ΒΑΣΙΛΕΙΟΥ
|d 2007-08
|
| 999 |
|
|
|c 39801
|d 39801
|